<?xml version="1.0" encoding="UTF-8"?>
<collection xmlns="http://www.loc.gov/MARC21/slim">
<record>
  <controlfield tag="001">134528</controlfield>
  <controlfield tag="005">20240424142034.0</controlfield>
  <datafield tag="024" ind1="8" ind2=" ">
    <subfield code="2">sideral</subfield>
    <subfield code="a">115514</subfield>
  </datafield>
  <datafield tag="037" ind1=" " ind2=" ">
    <subfield code="a">ART-2011-115514</subfield>
  </datafield>
  <datafield tag="041" ind1=" " ind2=" ">
    <subfield code="a">spa</subfield>
  </datafield>
  <datafield tag="100" ind1=" " ind2=" ">
    <subfield code="a">Criado Mainar, Jesús</subfield>
    <subfield code="u">Universidad de Zaragoza</subfield>
    <subfield code="0">(orcid)0000-0001-8328-1642</subfield>
  </datafield>
  <datafield tag="245" ind1=" " ind2=" ">
    <subfield code="a">El retablo mayor del monasterio de La Oliva (1571-1587) y la renovación de la pintura zaragozana</subfield>
  </datafield>
  <datafield tag="260" ind1=" " ind2=" ">
    <subfield code="c">2011</subfield>
  </datafield>
  <datafield tag="520" ind1="3" ind2=" ">
    <subfield code="a">El retablo mayor del monasterio de Nuestra Señora de La Oliva (Navarra), realizado entre 1571 y 1587 por los pintores flamencos Paulo Scheppers y Rolan Moys, ilustra mejor que ninguna otra obra la profunda puesta al día que la pintura zaragozana experimentó por esos años en sintonía con los presupuestos de la Contrarreforma. La manera delgada —en palabras de Jusepe Martínez— de estos artistas, actualizada tras su paso por Italia con las últimas novedades de la pintura religiosa, dio lugar a unas creaciones de gran éxito que sus numerosos discípulos y seguidores difundirían por Aragón y su área de influencia hasta los años veinte del siglo XVII.

The altar of the monastery of Our Lady of La Oliva (Navarra), conducted between 1571 and 1587 by the Flemish painters Paulo Scheppers and Rolan Moys, illustrates better than any other work the deep updating the paint Zaragoza experienced in those years in line with the budgets of the Counter-Reformation. The manera delgada —in the words of Jusepe Martinez— of these
artists, updated after his stint in Italy with the latest developments of religious painting, resulted in successful creations of his numerous disciples and followers of Aragon and disseminated area of influence to the twenties of the seventeenth century.</subfield>
  </datafield>
  <datafield tag="506" ind1="0" ind2=" ">
    <subfield code="a">Access copy available to the general public</subfield>
    <subfield code="f">Unrestricted</subfield>
  </datafield>
  <datafield tag="540" ind1=" " ind2=" ">
    <subfield code="9">info:eu-repo/semantics/openAccess</subfield>
    <subfield code="a">by</subfield>
    <subfield code="u">http://creativecommons.org/licenses/by/3.0/es/</subfield>
  </datafield>
  <datafield tag="655" ind1=" " ind2="4">
    <subfield code="a">info:eu-repo/semantics/article</subfield>
    <subfield code="v">info:eu-repo/semantics/publishedVersion</subfield>
  </datafield>
  <datafield tag="710" ind1="2" ind2=" ">
    <subfield code="1">3007</subfield>
    <subfield code="2">465</subfield>
    <subfield code="a">Universidad de Zaragoza</subfield>
    <subfield code="b">Dpto. Historia del Arte</subfield>
    <subfield code="c">Área Historia del Arte</subfield>
  </datafield>
  <datafield tag="773" ind1=" " ind2=" ">
    <subfield code="g">26 (2011), 557-581</subfield>
    <subfield code="p">Artigrama</subfield>
    <subfield code="t">Artigrama</subfield>
    <subfield code="x">0213-1498</subfield>
  </datafield>
  <datafield tag="856" ind1="4" ind2=" ">
    <subfield code="s">405894</subfield>
    <subfield code="u">http://zaguan.unizar.es/record/134528/files/texto_completo.pdf</subfield>
    <subfield code="y">Versión publicada</subfield>
  </datafield>
  <datafield tag="856" ind1="4" ind2=" ">
    <subfield code="s">1622014</subfield>
    <subfield code="u">http://zaguan.unizar.es/record/134528/files/texto_completo.jpg?subformat=icon</subfield>
    <subfield code="x">icon</subfield>
    <subfield code="y">Versión publicada</subfield>
  </datafield>
  <datafield tag="909" ind1="C" ind2="O">
    <subfield code="o">oai:zaguan.unizar.es:134528</subfield>
    <subfield code="p">articulos</subfield>
    <subfield code="p">driver</subfield>
  </datafield>
  <datafield tag="951" ind1=" " ind2=" ">
    <subfield code="a">2024-04-24-13:22:55</subfield>
  </datafield>
  <datafield tag="980" ind1=" " ind2=" ">
    <subfield code="a">ARTICLE</subfield>
  </datafield>
</record>
</collection>